Beyond the atom. (Record no. 16582)

000 -LEADER
fixed length control field 00473nam a2200169 a 4500
001 - CONTROL NUMBER
control field :::00019628$&:&@@
003 - CONTROL NUMBER IDENTIFIER
control field OkBaRHE
005 - DATE AND TIME OF LATEST TRANSACTION
control field 20010927152246.0
008 - FIXED-LENGTH DATA ELEMENTS--GENERAL INFORMATION
fixed length control field s1948 j 000 0 eng u
040 ## - CATALOGING SOURCE
Transcribing agency
100 1# - MAIN ENTRY--PERSONAL NAME
Personal name DeVries, John
245 10 - TITLE STATEMENT
Title Beyond the atom.
260 ## - PUBLICATION, DISTRIBUTION, ETC. (IMPRINT)
Place of publication, distribution, etc Grand Rapids, MI
Name of publisher, distributor, etc Wm. B. Eerdmans
Date of publication, distribution, etc 1948
300 ## - PHYSICAL DESCRIPTION
Extent 200 p.
942 ## - ADDED ENTRY ELEMENTS (KOHA)
Source of classification or shelving scheme
Koha item type Books
Copies
Date last seen Not for loan Total Checkouts Koha item type Price effective from Date acquired Full call number Current Location Lost status Permanent Location Withdrawn status Date checked out Shelving location Copy number Barcode Source of classification or shelving scheme Damaged status
2014-01-31 1Books2010-04-142010-04-14BT 1220 .D3RHEMA Bible Training College RHEMA Bible Training College 2013-09-20General Stacks119628